000 00405nam a2200169Ia 4500
005 20250423100002.0
008 250422s9999 xx 000 0 und d
020 _a091211147x
050 _aPL 1117.5 .U57/
100 _aUnschuld, Paul U.
245 0 _aLearn to read Chinese
260 _aBrookline, Mass. :
260 _bParadigm Publication
260 _c1994
300 _a427 p
942 _cBK
999 _c31941
_d31941